00322 a2200133 4500003000400000005001700004008004100021020001800062040000900080082001900089245003900108260003200147300000900179OSt20231110150725.0231110b |||||||| |||| 00| 0 eng d a9789382581727 coclc a894.812bKAK/A aAkalam Palikkuka /cHussain Kakkad aCochin:bDawa Books,c2021. a158p